|
|
|
|
| LEADER |
00000naa2a2200000 4500 |
| 001 |
381915 |
| 005 |
20231101062907.0 |
| 035 |
|
|
|a (RuTPU)RU\TPU\prd\5132
|
| 090 |
|
|
|a 381915
|
| 100 |
|
|
|a 20020624a2002 k y0rusy50 ca
|
| 101 |
0 |
|
|a rus
|
| 102 |
|
|
|a RU
|
| 200 |
1 |
|
|a Закономерности промотивирования железных интерметаллических катализаторов Фишера-Тропша
|f Л. А. Вытнова, В. П. Мордовин, Г. А. Клигер и др.
|
| 320 |
|
|
|a Библиогр.: 4 назв.
|
| 461 |
|
1 |
|0 (RuTPU)RU\TPU\prd\1600
|x 0028-2421
|t Нефтехимия
|o научный журнал
|f Российская академия наук (РАН)
|d 1963-
|
| 463 |
|
1 |
|0 (RuTPU)RU\TPU\prd\3637
|t Т. 42, № 2
|v С. 111-117
|d 2002
|
| 610 |
1 |
|
|a катализаторы Фишера-Тропша
|
| 610 |
1 |
|
|a закономерности
|
| 610 |
1 |
|
|a интерметаллические сплавы
|
| 610 |
1 |
|
|a активность
|
| 610 |
1 |
|
|a промотивирование
|
| 610 |
1 |
|
|a электронные свойства
|
| 610 |
1 |
|
|a металлы-промоторы
|
| 610 |
1 |
|
|a критерий
|
| 701 |
|
1 |
|a Вытнова
|b Л. А.
|
| 701 |
|
1 |
|a Мордовин
|b В. П.
|
| 701 |
|
1 |
|a Клигер
|b Г. А.
|
| 701 |
|
1 |
|a Боголепова
|b Е. И.
|
| 701 |
|
1 |
|a Куркин
|b В. И.
|
| 701 |
|
1 |
|a Шуйкин
|b А. Н.
|
| 701 |
|
1 |
|a Марчевская
|b Э. В.
|
| 701 |
|
1 |
|a Сливинский
|b Е. В.
|
| 801 |
|
1 |
|a RU
|b 63413507
|c 20020624
|g PSBO
|
| 801 |
|
2 |
|a RU
|b 63413507
|c 20131017
|g PSBO
|
| 942 |
|
|
|c BK
|